00478nam a2200085Ia 4500008004100000245003500041300023800076650001600314856006200330170517s9999 xx 000 0 und d aLow Carb Diet: Fat or Fiction? aThe low carbohydrate diet has become nothing short of a phenomenon in recent years. Many members of the dieting public have lost substantial amounts of weight adhering to a low carb regimen, and they've been assured that their new... xTechnology. uhttp://topdocumentaryfilms.com/low-carb-diet-fat-fiction/